000 00324nam a22001457a 4500
008 221114b ||||| |||| 00| 0 eng d
020 _a9780521560825
041 _aeng
080 _a51
082 _a51BUB
100 _a20.1
101 _aMATE
245 _aINTERPRETING THE QUANTUM WORLD
_cBUB JEFREY
942 _2udc
_cBK
999 _c58876
_d58876